Catálogo público

Propiedades viscoelásticas de yogur bajo en grasa estructurado con emulsiones multiples y geles de emulsificantes / (Record no. 175435)

MARC details
000 -CABECERA
campo de control de longitud fija 04548nam a2200493Ia 4500
001 - NÚMERO DE CONTROL
campo de control dia_4708
003 - IDENTIFICADOR DEL NÚMERO DE CONTROL
campo de control CHAP
005 - FECHA Y HORA DE LA ÚLTIMA TRANSACCIÓN
campo de control 20241018131711.0
007 - CAMPO FIJO DE DESCRIPCIÓN FÍSICA--INFORMACIÓN GENERAL
campo de control de longitud fija ta
008 - DATOS DE LONGITUD FIJA--INFORMACIÓN GENERAL
campo de control de longitud fija 220117s2010 mx ado fsm 001 0 spa d
010 ## - NÚMERO DE CONTROL DE LA BIBLIOTECA DEL CONGRESO
Número de control de LC 175435
040 ## - FUENTE DE LA CATALOGACIÓN
Centro/agencia transcriptor CHAP
Centro catalogador/agencia de origen mxchpua
Normas de descripción rda
041 0# - CÓDIGO DE LENGUA
Código de lengua del texto/banda sonora o título independiente spa
Código de lengua del sumario o resumen eng
090 ## - LOCALMENTE ASIGNADO TIPO-LC NÚMERO DE CLASIFICACIÓN (OCLC); NÚMERO DE CLASIFICACIÓN LOCAL (RLIN)
Número de clasificación (OCLC) (R) ; Numero de clasificación, CALL (RLIN) (NR) Tesis
Número cutter local (OCLC) ; Número de libro/Signatura topográfica íntegra, CALL (RLIN) C785
año 2010
100 1# - ENTRADA PRINCIPAL--NOMBRE DE PERSONA
Nombre de persona Cruz Hernández, Marylú
240 10 - TÍTULO UNIFORME
Título uniforme Viscoelastic properties of low-fat yoghurt structured with multiple emulsions and emulsifier gels.
Lenguaje de la obra Español
245 10 - MENCIÓN DE TÍTULO
Título Propiedades viscoelásticas de yogur bajo en grasa estructurado con emulsiones multiples y geles de emulsificantes /
Mención de responsabilidad, etc. Marilú Cruz Hernández
264 ## - PRODUCCIÓN, PUBLICACIÓN, DISTRIBUCIÓN, FABRICACIÓN Y COPYRIGHT
Producción, publicación, distribución, fabricación y copyright Chapingo, México :
Nombre del de productor, editor, distribuidor, fabricante El autor,
Fecha de producción, publicación, distribución, fabricación o copyright 2010
300 ## - DESCRIPCIÓN FÍSICA
Extensión xiii, 96 hojas :
Otras características físicas ilustraciones, gráficas, tablas, fotos +
Material acompañante/anejo 1 CD-ROM
336 ## - TIPO DE CONTENIDO
Fuente rdacontent
Término de tipo de contenido texto
Código de tipo de contenido txt
337 ## - TIPO DE MEDIO
Fuente rdamedia
Nombre/término del tipo de medio no mediado
Código del tipo de medio n
338 ## - TIPO DE SOPORTE
Fuente rdacarrier
Nombre/término del tipo de soporte volumen
Código del tipo de soporte nc
500 ## - NOTA GENERAL
Nota general El CD contiene reporte
502 ## - NOTA DE TESIS
Nota de tesis Tesis
Tipo de título (Maestro en Ciencias en Ciencia en Ingeniería Agroindustrial) --
Nombre de la institución que otorga el título UACh. Departamento de Ingeniería Agroindustrial,
Año de obtención del título 2010
504 ## - NOTA DE BIBLIOGRAFÍA, ETC.
Nota de bibliografía, etc. Bibliografía: hojas 83-96
520 3# - SUMARIO, ETC.
Sumario, etc. El objetivo de este trabajo fue determinar la composición química general, sinéresis, propiedades visoelásticas y la aceptabilidad de los atributos sensoriales de yogures bajos en grasa láctea estructurados con una emulsión múltiple (EM) estabilizada con carboximetilcelulosa (CMC) y proteína de suero concentrada (WPC) y/o con gel (G) de monoestearato de sorbitan (MS), en comparación con aquellas de un yogur control completo en grasa láctea (YCG). Un yogur YCG (30 g of MF/L) y un yogur bajo en grasa YBG (10 g of MF/L) fueron preparados como controles. Tres yogures bajos en grasa láctea fueron preparados (10 g of fat/L) usando leche adicionada con 71.43 g de EM (YEM), 120 g de G (YG) y 35.71 g de EM + 60 g de G (YEMG). La fase liquido cristalina formada por MS fue identificada como ?-gel por calorimetría diferencial de barrido. La composición química general, las propiedades reológicas, sinéresis y atributos sensoriales de las variaciones de yogur fueron afectadas por la composición de la leche usada para su preparación. El yogur YG conteniendo ?-gel presentó valores de sinéresis y parámetros reológicos cercanos a aquellos mostrados por el yogur YCG. Además el yogur YG tuvo mayor calificación en la aceptabilidad sensorial, y contenido de grasa significativamente menor que el yogur YCG --
520 3# - SUMARIO, ETC.
Sumario, etc. The objective of this work was to determine the general chemical composition, syneresis, viscoelastic properties, and the acceptability of the sensory attributes of reduced milk-fat yoghurts structured with a multiple emulsion (ME) stabilized with carboxymethylcellulose (CMC) and whey protein concentrate (WPC) and/or with a gel (G) made up of sorbitan monostearate (MS) in comparison with those of a full milk-fat yoghurt control (YCG). A YCG yoghurt (30 g of MF/L), and a reduced milk-fat yoghurt (YBG, 10 g of MF/L) were prepared as controls. Three reduced milk-fat yoghurts were prepared (10 g of fat/L) using milk added with 71.43 g of ME (YEM), 120 g of G (YG), and 35.71 g of ME + 60 g of G (YEMG). The liquid crystalline phase formed by MS was identified as ?-gel by Differential Scanning Calorimetry. The general chemical composition, rheological properties, syneresis, and sensory attributes of the yoghurt variations were affected by the composition of the milk used for their preparation. The YG yoghurt containing ?-gel presented values of syneresis and rheological parameters close to those showed by the YCG yoghurt. In addition, the YG yoghurt had higher acceptability sensory scores, but significantly lower fat content than the YCG yoghurt.
650 13 - PUNTO DE ACCESO ADICIONAL DE MATERIA--TÉRMINO DE MATERIA
Término de materia o nombre geográfico como elemento de entrada Emulsificadores
Fuente del encabezamiento o término atg
650 13 - PUNTO DE ACCESO ADICIONAL DE MATERIA--TÉRMINO DE MATERIA
Término de materia o nombre geográfico como elemento de entrada Productos lácteos bajos en grasa
Fuente del encabezamiento o término atg
650 13 - PUNTO DE ACCESO ADICIONAL DE MATERIA--TÉRMINO DE MATERIA
Término de materia o nombre geográfico como elemento de entrada Yogur
Subdivisión general Propiedades rheológicas
Fuente del encabezamiento o término atg
650 13 - PUNTO DE ACCESO ADICIONAL DE MATERIA--TÉRMINO DE MATERIA
Término de materia o nombre geográfico como elemento de entrada Yogur
Subdivisión general Viscoelasticidad
Fuente del encabezamiento o término atg
650 13 - PUNTO DE ACCESO ADICIONAL DE MATERIA--TÉRMINO DE MATERIA
Término de materia o nombre geográfico como elemento de entrada Emulsifiers
Fuente del encabezamiento o término atg
650 13 - PUNTO DE ACCESO ADICIONAL DE MATERIA--TÉRMINO DE MATERIA
Término de materia o nombre geográfico como elemento de entrada Low fat dairy products
Fuente del encabezamiento o término atg
650 13 - PUNTO DE ACCESO ADICIONAL DE MATERIA--TÉRMINO DE MATERIA
Término de materia o nombre geográfico como elemento de entrada Yogur
Subdivisión general Viscoelasticity
Fuente del encabezamiento o término atg
650 13 - PUNTO DE ACCESO ADICIONAL DE MATERIA--TÉRMINO DE MATERIA
Término de materia o nombre geográfico como elemento de entrada Yogurt
Subdivisión general Rheological properties
Fuente del encabezamiento o término atg
700 1# - PUNTO DE ACCESO ADICIONAL--NOMBRE DE PERSONA
Nombre de persona Lobato Calleros, Consuelo Silvia Olivia
Término indicativo de función/relación director
700 1# - PUNTO DE ACCESO ADICIONAL--NOMBRE DE PERSONA
Nombre de persona Aguirre Mandujano, Eleazar
Término indicativo de función/relación asesor
700 1# - PUNTO DE ACCESO ADICIONAL--NOMBRE DE PERSONA
Nombre de persona Vernon Carter, E. Jaime
Término indicativo de función/relación asesor
856 41 - LOCALIZACIÓN Y ACCESO ELECTRÓNICOS
Identificador Uniforme del Recurso <a href="http://10.13.5.2/tesis/111945.pdf">http://10.13.5.2/tesis/111945.pdf</a>
Texto de enlace DESCARGAR PDF
901 ## - ELEMENTOS DE DATOS A LOCAL LDA (RLIN)
a TESIS C785 2010
942 ## - ELEMENTOS DE PUNTO DE ACCESO ADICIONAL (KOHA)
Tipo de ítem Koha TESIS
Fuente del sistema de clasificación o colocación Clasificación Universidad Autónoma Chapingo
902 ## - ELEMENTOS DE DATOS B LOCAL, LDB (RLIN)
a M
905 ## - ELEMENTOS DE DATOS E LOCAL, LDE (RLIN)
a 5132272010 mx nml 8223223322spa16
Holdings
Estado de retiro Estado de pérdida Fuente del sistema de clasificación o colocación Estado dañado Restricciones de uso No para préstamo Código de colección Localización permanente Ubicación/localización actual Fecha de adquisición Fuente de adquisición Total de préstamos Signatura topográfica completa Código de barras Fecha visto por última vez Fecha del último préstamo Número de copia Precio válido a partir de Tipo de ítem Koha Ubicación en estantería
    Clasificación Universidad Autónoma de Chapingo   Préstamo 5 días   Tesis Ingenieria Agroindustrial Ingenieria Agroindustrial 18/01/2022 El autor 1 Tesis C785 2010 1101004518 24/10/2024 24/10/2024 Ej. 2 18/01/2022 CD  
    Clasificación Universidad Autónoma de Chapingo   Préstamo interno   Tesis Ingenieria Agroindustrial Ingenieria Agroindustrial 18/01/2022 El autor   Tesis C785 2010 1101004421 18/01/2022   Ej. 1 18/01/2022 CD  
    Clasificación Universidad Autónoma de Chapingo       Tesis digitales de Maestría Ingenieria Agroindustrial Ingenieria Agroindustrial 18/10/2024 El autor     1201004421 18/10/2024     18/10/2024 Tesis digital En línea